Stranger Things - Quiz sur Vecna - Statistiques

Statistiques générales
  • Ce quiz a été pris 739 fois
  • Le résultat moyen est 12 sur 25
Statistiques - réponses
Hint Réponse % Correct
Faits de base Quel est son numéro de test ? 001
91%
Faits de base Dans quelle dimension vit-il principalement ? Le Monde à l'Envers
84%
Faits de base Dans quelle saison apparaît-elle pour la première fois ? Saison 4
79%
Saison 4 Quel personnage lui échappe grâce à la musique ? Max Mayfield
78%
Faits de base Quel est son vrai prénom ? Henry Creel
77%
Saison 5 Quel protagoniste a des pouvoirs car il est connecté à lui ? Will Byers
74%
Saison 5 Quel surnom les enfants d'Hawkins lui donne-t-il ? M. Quiproquo
72%
Saison 5 Quel personnage lui assène le coup fatal ? Joyce Byers
68%
Aléatoire Quelle partie du corps de ses victimes est la plus marquante après l’attaque ? Les yeux arrachés
62%
Saison 5 Que fait-il durant cette saison pour concrétiser son projet ? (Indice : Holly & Derek) Il kidnappe les enfants d'Hawkins
61%
Saison 4 Qui est sa première victime durant cette saison ? Chrissy Cunningham
59%
Proches Quel autre sujet de test l'envoi dans la dimension parallèle ? Eleven
56%
Saison 4 À quel personnage fait-il voir une vision ? Nancy Wheeler
55%
Saison 5 Quel monstre lui a donné ses pouvoirs ? Le Flagelleur Mental
53%
Saison 5 Où envoie-il les enfants d'Hawkins physiquement ? Les abysses
43%
Proches Comment s'appelle son père ? Victor Creel
43%
Proches Comment s'appelle sa sœur ? Alice Creel
32%
Saison 5 Où envoie-il les enfants d'Hawkins mentalement ? Sa mémoire
25%
La série Acteur dans la série Jamie Campbell Bower
24%
Saison 5 Comment a-t-il reçu ses pouvoirs ? En ouvrant la valise d'un espion russe dans une grotte
17%
Aléatoire Quel objet cache la véritable nature de Henry enfant ? Horloge
15%
Proches Comment s'appelle sa mère ? Virginia Creel
9%
Aléatoire De quel projet est-il a l'origine ? Projet MKUltra
4%
Aléatoire Où vivait-elle avant d'arriver à Hawkins ? Rachel, Nevada
4%
Faits de base Quel est son faux nom ? Peter Ballard
3%
Aucun quiz correspondant
Distribution des résultats
% des personnes avec chaque résultat
Percentile par nombre de réponses
Votre historique - résultats
Vous n’avez pas pris ce quiz